|
|
|
|
| LEADER |
00651nab a2200193 i 4500 |
| 001 |
publ30981 |
| 005 |
20241128151703.0 |
| 008 |
241128s2003 hu o 000 hun d |
| 022 |
|
|
|a 1219-8641
|
| 024 |
7 |
|
|a 2341875
|2 mtmt
|
| 040 |
|
|
|a SZTE Publicatio Repozitórium
|b hun
|
| 041 |
|
|
|a hun
|
| 100 |
1 |
|
|a Ábrahám György
|
| 245 |
1 |
2 |
|a A renin-angiotenzin rendszer gátlásának lehetőségei
|h [elektronikus dokumentum] /
|c Ábrahám György
|
| 260 |
|
|
|c 2003
|
| 300 |
|
|
|a 202-207
|
| 490 |
0 |
|
|a HÁZIORVOS TOVÁBBKÉPZŐ SZEMLE
|v 8 No. 3
|
| 650 |
|
4 |
|a Klinikai orvostan
|
| 856 |
4 |
0 |
|u http://publicatio.bibl.u-szeged.hu/30981/1/aok_klny_363_03.pdf
|z Dokumentum-elérés
|